Development finance in china : theory and implementation.

Bibliographic Details
Format: Book
Published: Singapore: Enrich Professional Publishing, 2011.
Series:Enrich series on development finance in china vol. 1
Subjects:
LEADER 00586cam a2200169 7i4500
001 0000027237
005 20120212090000.0
020 0 0 |a 9789814298100  
090 0 0 |a CHIN 332.0951   |b DEV 
245 0 0 |a Development finance in china :   |b theory and implementation. 
260 0 0 |a Singapore:   |b Enrich Professional Publishing,   |c 2011. 
300 # # |a 464 p. 
440 0 0 |a Enrich series on development finance in china vol. 1 
650 0 0 |a Economic development --   |z China  
650 0 0 |a Finance --   |x Government policy --   |z China  
651 0 0 |a China  
999 |a B000029863  |b Book  |c Countries  |e Business Information Centre